| 000 | 00725nam a22002177a 4500 | ||
|---|---|---|---|
| 003 | OSt | ||
| 005 | 20260423004752.0 | ||
| 008 | 251106b |||||||| |||| 00| 0 eng d | ||
| 020 | _a978-0-471-68928-7. | ||
| 040 |
_aDWCL-Main lib _cOC |
||
| 082 | _aCirc. 616.89 W873d 2008 | ||
| 100 | _aWoo, Stephanie M. | ||
| 245 |
_aDiagnosis and treatment of mental disorders across the lifespan _cWoo, Stephanie M. |
||
| 260 |
_aN. J. : _bJohn Wiley & Sons, Inc., _cc2008. |
||
| 300 |
_axi, 1140 pages ; _c26 cm. |
||
| 504 | _aIncludes bibliographical references & indexes. | ||
| 650 | _21. Abnormal psychology. | ||
| 650 | _22. Mental illness-Diagnosis. | ||
| 650 | _23. Mental illness-Treatment. | ||
| 942 |
_2ddc _cBK-CIRC _kCirc. _n0 |
||
| 999 |
_c5641 _d5641 |
||